Asistencia pri vyhodnocovaní výsledkov niektorých typov matematických úloh

Saved in:
Bibliographic Details
Main Author: Farkas, Boglárka (Author)
Other Authors: Antal, Eugen (Thesis advisor)
Format: Manuscript Book
Language:Slovak
Published: 2025
Subjects:
Online Access:http://is.stuba.sk/zp/portal_zp.pl?podrobnosti=184374
Tags: Add Tag
No Tags, Be the first to tag this record!

MARC

LEADER 00000ntm a22000003a 4500
001 stuzp103690
003 SK-STU
005 20250614212138.3
007 ta
008 150427s2015----xo-----f-mn---000-0-slo-d
040 |a STU  |b slo 
041 0 |a slo 
100 1 |a Farkas, Boglárka  |u 035000  |4 aut  |U FEI Fakulta elektrotechniky a informatiky  |T FEI Ústav informatiky a matematiky  |X 111222  |U E050  |Y 816  |7 111222 
242 0 1 |a Assisting in evaluation of the answers of some types of mathematical problems  |y eng 
245 1 0 |a Asistencia pri vyhodnocovaní výsledkov niektorých typov matematických úloh 
260 |c 2025 
650 4 |a digits  |2 eng 
650 4 |a exams  |2 eng 
650 4 |a mathematics  |2 eng 
650 4 |a neural networks  |2 eng 
650 4 |a machine learning  |2 eng 
650 4 |a matematika  |2 slo 
650 4 |a strojové učenie  |2 slo 
650 4 |a číslice  |2 slo 
650 4 |a písomky  |2 slo 
650 4 |a neurónové siete  |2 slo 
700 1 |a Antal, Eugen  |u 035000  |k Z1  |4 ths  |U FEI Fakulta elektrotechniky a informatiky  |T FEI Ústav informatiky a matematiky  |X 36087  |U E050  |Y 816  |7 A000036087 
856 4 |u http://is.stuba.sk/zp/portal_zp.pl?podrobnosti=184374